000 00628cam a22002173a 4500
001 44303
003 PGUSA
005 20140828084018.0
008 131128s2013||||xxu|||||s|||||000 | eng d
040 _aPGUSA
_beng
042 _adc
100 1 _aMirbeau, Octave,
_d1848-1917
245 1 2 _aA Chambermaid's Diary
_h[electronic resource] /
_cOctave Mirbeau
260 _bProject Gutenberg,
_c2013
506 _aPublic domain in the USA.
516 _aElectronic text
700 1 _aTucker, Benjamin Ricketson,
_d1854-1939
830 0 _aProject Gutenberg
_v44303
856 4 0 _uhttp://www.gutenberg.org/ebooks/44303
942 _cEB
999 _c273554
_d273554